000 00536nam a2200169 4500
001 136093
003 ES-MaACL
005 20230906195031.0
007 t|
008 070214s1961 sp r ||||1| spa d
100 1 _aRoy, J. H. B.
_9100200
245 1 0 _aExplotación práctica de terneros /
_cJ. H. B. Roy ; traducción de Andrés Marcos Barrado.
260 _aZaragoza :
_bAcribia,
_c1961.
300 _aVIII, 120 p., 5 lám. :
_bil. ;
_c19 cm.
700 1 _aMarcos Barrado, Andrés.
_976522
852 _aES-MaACL
_jC-20152
_bR.48245
999 _c136093
_d136093